Piłkarze Arki Gdynia - nagła śmierć - Statystyki

Ogólne statystyki
  • Ten quiz został rozwiązany 70 razy
  • Średni wynik to 8 z 20
Answers on the Grid
Answers color-coded by a green-red scale on the quiz's grid according to % correct below.
Jakub Arak
Mateusz Szwoch
Dusan Kuciak
Karol Czubak
Robert Pich
Bartłomiej Babiarz
Adam Deja
Radosław Majewski
Adrian Błąd
Dawid Kort
Bartosz Kwiecień
Rafał Gikiewicz
Oskar Repka
Łukasz Gikiewicz
Michał Janota
Jacek Magiera
Bartosz Slisz
Karol Danielak
Adrian Mierzejewski
Rafał Siemaszko
Michał Mak
Łukasz Wolsztyński
Aurélien Nguiamba
Patryk Szysz
Damian Oko
Janusz Gol
Paweł Dawidowicz
Łukasz Zwoliński
Krzysztof Mączyński
Jędrzej Grobelny
Maciej Górski
Patryk Kun
Konrad Jałocha
Olaf Kobacki
Aleksander Buksa
Maciej Jankowski
Paulinho
Dariusz Żuraw
Sergiu Hanca
Hubert Wolakiewicz
 
Statystyki odpowiedzi
Odpowiedź % Poprawnych
Karol Czubak
86%
Rafał Siemaszko
70%
Adam Deja
68%
Mateusz Szwoch
65%
Aurélien Nguiamba
51%
Michał Janota
51%
Janusz Gol
49%
Olaf Kobacki
49%
Patryk Szysz
46%
Adrian Błąd
43%
Jędrzej Grobelny
38%
Maciej Jankowski
38%
Patryk Kun
38%
Konrad Jałocha
32%
Łukasz Wolsztyński
30%
Oskar Repka
24%
Karol Danielak
19%
Dariusz Żuraw
16%
Łukasz Zwoliński
16%
Bartosz Kwiecień
14%
Nie znaleziono quizów pasujących do podanych kryteriów
Rozkład punktacji
Procent ludzi z każdym wynikiem
Percentyl według liczby udzielonych odpowiedzi
Twoja historia wyników
Nie rozwiązałeś tego quizu